[Event "DVM U20 2003"]
[Site "Ditzingen GER"]
[Date "2003.12.28"]
[Round "3"]
[White "Becker, Martin Alexander"]
[Black "Colpe, Helge"]
[Result "1-0"]
[Termination "normal"]
[Board "1.4"]
[WhiteElo "2244"]
[BlackElo "2092"]
[WhiteTeam "SG Bochum 31"]
[BlackTeam "Hamburger SK von 1830"]
[PlyCount "95"]
[WhiteFideId "4680820"]
[BlackFideId "4685644"]
[EventCountry "GER"]
[EventRounds "7"]
[EventType "team-swiss"]
[EventDate "2003.12.26"]

1. e4 e5 2. f4 exf4 3. Bc4 d5 4. Bxd5 Qh4+ 5. Kf1 g5 6. Nc3 c6 7. Bc4 Bg7 8.
Nce2 Bg4 9. d4 Nd7 10. Qd3 Qh5 11. Nf3 Nb6 12. b3 Ne7 13. a4 Rd8 14. c3 O-O 15.
h4 Nxc4 16. bxc4 h6 17. Ba3 Rfe8 18. Kf2 Qg6 19. hxg5 hxg5 20. g3 f5 21. e5
fxg3+ 22. Nxg3 Bxf3 23. Qxf3 f4 24. Ne4 g4 25. Qe2 Nf5 26. Rag1 Ne3 27. Qd3 Nf5
28. Qf3 Ng3 29. Qxf4 Nxe4+ 30. Ke3 Nf6 31. Rg2 b6 32. Rh4 c5 33. Kd2 cxd4 34.
cxd4 Rxe5 35. Qxe5 Ne4+ 36. Kc1 Nf6 37. Qe6+ Qf7 38. Qxf7+ Kxf7 39. d5 Rc8 40.
Rhxg4 Nxg4 41. Rxg4 Bf6 42. Kc2 Rh8 43. Bd6 Rd8 44. Bg3 Rh8 45. Bc7 Ke7 46. Rf4
Rh3 47. d6+ Ke6 48. Rxf6+ 1-0

[Event "DVM U20 2003"]
[Site "Ditzingen GER"]
[Date "2003.12.28"]
[Round "3"]
[White "Stellwagen, Robin"]
[Black "Iounoussov, Maksim"]
[Result "0-1"]
[Termination "normal"]
[Board "1.5"]
[WhiteElo "2054"]
[BlackElo "2096"]
[WhiteTeam "Hamburger SK von 1830"]
[BlackTeam "SG Bochum 31"]
[PlyCount "135"]
[WhiteFideId "24601918"]
[BlackFideId "4675436"]
[EventCountry "GER"]
[EventRounds "7"]
[EventType "team-swiss"]
[EventDate "2003.12.26"]

1. e4 c5 2. Nf3 e6 3. Nc3 a6 4. d4 cxd4 5. Nxd4 b5 6. Bd3 d6 7. Qe2 Nf6 8. O-O
Be7 9. Bd2 O-O 10. a4 b4 11. Na2 e5 12. Nb3 a5 13. c3 Bg4 14. Qe1 Be6 15. Nac1
bxc3 16. Bxc3 Nc6 17. Bb5 Qb6 18. Qe3 Qxe3 19. fxe3 Rfc8 20. Nd2 Nb4 21. Bxb4
axb4 22. Nd3 Rc2 23. Rfd1 Ng4 24. Nf1 Bg5 25. Re1 b3 26. a5 Bd8 27. a6 Bb6 28.
Nb4 Rxb2 29. Bc6 Ra7 30. Bb7 Bd7 31. Nd5 Bc5 32. Rab1 Rxb1 33. Rxb1 Nf6 34.
Rxb3 Nxd5 35. Bxd5 Kf8 36. Bb7 Ke7 37. Kf2 Kd8 38. Nd2 Be6 39. Rb2 Kc7 40. Nb3
Bb6 41. Rc2+ Kd8 42. Nd2 Bc7 43. Nc4 h6 44. Na3 Bd7 45. Rb2 Ke7 46. Nb5 Bxb5
47. Rxb5 g6 48. g4 Kd7 49. Ke2 Ke6 50. h3 Ke7 51. Rb1 Ke6 52. Rf1 Ke7 53. Kd3
f6 54. Kc4 Bb6 55. Kd5 Bxe3 56. Rf3 Bc5 57. h4 Bd4 58. g5 hxg5 59. hxg5 fxg5
60. Rg3 Bc5 61. Rxg5 Kf6 62. Rg3 g5 63. Rf3+ Kg6 64. Bc8 Rg7 65. Bf5+ Kf7 66.
Rb3 Kf6 67. Kc6 Rg8 68. Rh3 {weitere Züge nicht rekonstruierbar} 0-1

[Event "DVM U20 2003"]
[Site "Ditzingen GER"]
[Date "2003.12.28"]
[Round "3"]
[White "Smolka, Alexander"]
[Black "Möller, Hendrik"]
[Result "1-0"]
[Termination "normal"]
[Board "1.6"]
[WhiteElo "2136"]
[BlackElo "2105"]
[WhiteTeam "SG Bochum 31"]
[BlackTeam "Hamburger SK von 1830"]
[PlyCount "55"]
[WhiteFideId "4685148"]
[BlackFideId "24604917"]
[EventCountry "GER"]
[EventRounds "7"]
[EventType "team-swiss"]
[EventDate "2003.12.26"]

1. e4 c5 2. Nf3 a6 3. c4 e6 4. d4 cxd4 5. Nxd4 Qc7 6. Bd3 b6 7. O-O Bb7 8. Qe2
d6 9. Nc3 Nd7 10. f4 Nc5 11. Bc2 Nf6 12. Kh1 Be7 13. e5 Ng8 14. b4 Nd7 15. f5
Nxe5 16. fxe6 f6 17. Ba4+ Kf8 18. Bb3 g6 19. Bd2 Kg7 20. Nd5 Qd8 21. h3 f5 22.
Qe3 h6 23. Nxe7 Nxe7 24. Qg3 Qf8 25. c5 Kh7 26. cxd6 N7c6 27. Nxc6 Nxc6 28. Bc3
1-0

[Event "DVM U20 2003"]
[Site "Ditzingen GER"]
[Date "2003.12.28"]
[Round "3"]
[White "Korotkevych, Stanislav"]
[Black "Klinger, Sebastian"]
[Result "1-0"]
[Termination "normal"]
[Board "2.1"]
[WhiteElo "2320"]
[BlackElo "2146"]
[WhiteTeam "SG Porz"]
[BlackTeam "TuS Geretsried"]
[PlyCount "51"]
[WhiteFideId "14107309"]
[BlackFideId "4667549"]
[EventCountry "GER"]
[EventRounds "7"]
[EventType "team-swiss"]
[EventDate "2003.12.26"]

1. d4 Nf6 2. c4 g6 3. Nc3 Bg7 4. e4 d6 5. Be2 O-O 6. Nf3 e5 7. O-O Nbd7 8. d5
a5 9. Be3 Ng4 10. Bg5 f6 11. Bh4 h5 12. Nd2 Nh6 13. f3 b6 14. a3 g5 15. Bf2 f5
16. exf5 Nxf5 17. Nde4 Bh6 18. g4 hxg4 19. fxg4 Ne7 20. Bd3 Nc5 21. Bxc5 bxc5
22. Nf6+ Kh8 23. Qf3 Ng8 24. Qe4 Qe7 25. Nxg8 Rxg8 26. Rf6 1-0

[Event "DVM U20 2003"]
[Site "Ditzingen GER"]
[Date "2003.12.28"]
[Round "3"]
[White "Motl, Martin"]
[Black "Balcerak, Philipp"]
[Result "1/2-1/2"]
[Termination "normal"]
[Board "2.2"]
[WhiteElo "2160"]
[BlackElo "2188"]
[WhiteTeam "TuS Geretsried"]
[BlackTeam "SG Porz"]
[PlyCount "45"]
[WhiteFideId "4667522"]
[BlackFideId "4655036"]
[EventCountry "GER"]
[EventRounds "7"]
[EventType "team-swiss"]
[EventDate "2003.12.26"]

1. d4 d5 2. Nf3 Nf6 3. Bf4 c6 4. Nbd2 Qb6 5. Rb1 Bf5 6. e3 e6 7. Ne5 Bb4 8. a3
Bxd2+ 9. Qxd2 Ne4 10. Qb4 g5 11. Bg3 f6 12. Nd3 Qxb4+ 13. axb4 Nd7 14. Ra1 a6
15. f3 Nxg3 16. hxg3 h5 17. Kd2 Ke7 18. Nc5 Nxc5 19. bxc5 Bg6 20. Bd3 Bxd3 21.
Kxd3 Kf7 22. Kc3 Rag8 23. Kd3 1/2-1/2

[Event "DVM U20 2003"]
[Site "Ditzingen GER"]
[Date "2003.12.28"]
[Round "3"]
[White "Thalwitzer, David"]
[Black "Herzog, Matthias"]
[Result "1/2-1/2"]
[Termination "normal"]
[Board "2.3"]
[WhiteElo "2128"]
[BlackElo "1962"]
[WhiteTeam "SG Porz"]
[BlackTeam "TuS Geretsried"]
[PlyCount "77"]
[WhiteFideId "4663233"]
[BlackFideId "4698541"]
[EventCountry "GER"]
[EventRounds "7"]
[EventType "team-swiss"]
[EventDate "2003.12.26"]

1. e4 c5 2. c3 d5 3. exd5 Qxd5 4. d4 Nf6 5. Nf3 e6 6. Bd3 Be7 7. O-O O-O 8. Be3
b6 9. Nbd2 Ba6 10. c4 Qd8 11. Ne4 Nbd7 12. dxc5 Nxc5 13. Nxc5 Bxc5 14. Bxc5
bxc5 15. Qc2 Bb7 16. Rad1 Qc7 17. Ng5 h6 18. Ne4 Nxe4 19. Bxe4 Bxe4 20. Qxe4
Rfd8 21. h3 a5 22. b3 Ra6 23. Rxd8+ Qxd8 24. Qe3 Qc7 25. Rd1 Rd6 26. Rxd6 Qxd6
27. Qf3 Qd2 28. a4 g6 29. g3 Kg7 30. Kg2 Qb4 31. Qe3 Qb6 32. Qe5+ Kg8 33. Qe3
Kg7 34. Kh2 h5 35. Qc3+ Kg8 36. Kg2 Qb7+ 37. Kg1 Qb6 38. Kh2 Qc7 39. Qf3
1/2-1/2

[Event "DVM U20 2003"]
[Site "Ditzingen GER"]
[Date "2003.12.28"]
[Round "3"]
[White "Klinger, Stefan"]
[Black "Pilgram, Alexander"]
[Result "0-1"]
[Termination "normal"]
[Board "2.4"]
[WhiteElo "1699"]
[BlackElo "1785"]
[WhiteTeam "TuS Geretsried"]
[BlackTeam "SG Porz"]
[PlyCount "68"]
[EventCountry "GER"]
[EventRounds "7"]
[EventType "team-swiss"]
[EventDate "2003.12.26"]

1. d4 Nf6 2. Nf3 d5 3. Bf4 Bf5 4. e3 c6 5. Nbd2 Qb6 6. Rb1 e6 7. Ne5 Nbd7 8. g4
Nxe5 9. gxf5 Ned7 10. fxe6 fxe6 11. Bg3 c5 12. c3 Bd6 13. f4 O-O-O 14. Bh3 Rde8
15. b4 c4 16. a4 Qc7 17. Nf3 Ne4 18. Qc2 g5 19. Ne5 Ndf6 20. Bg2 Rhg8 21. Rc1
gxf4 22. Bxf4 Nxc3 23. Qxc3 Rxg2 24. Kf1 Rgg8 25. b5 Nh5 26. Rg1 Nxf4 27. exf4
Bxe5 28. fxe5 Qf7+ 29. Ke2 Qh5+ 30. Qf3 Qxh2+ 31. Qf2 Qh3 32. Qf3 Qh4 33. Ke3
Rgf8 34. Qg4 Qf2# 0-1

[Event "DVM U20 2003"]
[Site "Ditzingen GER"]
[Date "2003.12.28"]
[Round "3"]
[White "Karmann, Alexander"]
[Black "Klinger, Severin"]
[Result "1/2-1/2"]
[Termination "normal"]
[Board "2.5"]
[WhiteElo "1774"]
[BlackElo "1530"]
[WhiteTeam "SG Porz"]
[BlackTeam "TuS Geretsried"]
[PlyCount "82"]
[WhiteFideId "24629863"]
[EventCountry "GER"]
[EventRounds "7"]
[EventType "team-swiss"]
[EventDate "2003.12.26"]

1. e4 e6 2. d4 d5 3. Nd2 Nf6 4. e5 Nfd7 5. Bd3 c5 6. c3 Nc6 7. Ne2 Qb6 8. Nf3
f6 9. exf6 Nxf6 10. O-O c4 11. Bc2 Bd6 12. Re1 Qc7 13. Ng3 O-O 14. Be3 Bd7 15.
Qd2 Rae8 16. Re2 e5 17. dxe5 Nxe5 18. Nxe5 Bxe5 19. Bd4 Bf4 20. Be3 Bd6 21. Bg5
Rxe2 22. Qxe2 h6 23. Bxf6 Rxf6 24. Re1 Bc5 25. Rf1 Re6 26. Qd2 Bc6 27. Bd1 Qa5
28. b4 cxb3 29. Bxb3 Kh8 30. Nf5 Re4 31. Rd1 Re6 32. h3 Rf6 33. Nd4 Qc7 34. Re1
Qf4 35. Qxf4 Rxf4 36. Rd1 Bxd4 37. Rxd4 Rxd4 38. cxd4 Kg8 39. f4 Kf7 40. g4 g6
41. Kf2 a5 1/2-1/2

[Event "DVM U20 2003"]
[Site "Ditzingen GER"]
[Date "2003.12.28"]
[Round "3"]
[White "Vintan, Cristina-Mihaela"]
[Black "Rudnik, Kirill"]
[Result "0-1"]
[Termination "normal"]
[Board "2.6"]
[WhiteElo "1435"]
[BlackElo "1762"]
[WhiteTeam "TuS Geretsried"]
[BlackTeam "SG Porz"]
[PlyCount "82"]
[EventCountry "GER"]
[EventRounds "7"]
[EventType "team-swiss"]
[EventDate "2003.12.26"]

1. e4 e5 2. Nf3 Nc6 3. Bb5 a6 4. Ba4 Nf6 5. O-O b5 6. Bb3 Be7 7. Re1 O-O 8. c3
d6 9. h3 Na5 10. Bc2 c5 11. d4 Qc7 12. d5 Bd7 13. Nbd2 Rfb8 14. Nf1 b4 15. Bd2
Nc4 16. Rb1 Nxd2 17. Qxd2 bxc3 18. Qxc3 a5 19. Ng3 Rb7 20. b3 g6 21. Rbd1 Bf8
22. Qe3 a4 23. Rc1 axb3 24. Bxb3 Qa5 25. Ne2 Ba4 26. Bxa4 Qxa4 27. Nc3 Qa3 28.
Rb1 Rab8 29. Rxb7 Rxb7 30. Qc1 Qxc1 31. Rxc1 Rb4 32. Nd2 Bh6 33. Rd1 Bxd2 34.
Rxd2 Nxe4 35. Nxe4 Rxe4 36. Kf1 Kf8 37. f3 Rd4 38. Rxd4 exd4 39. a4 Ke8 40. Ke2
c4 41. Kd2 Kd8 0-1

[Event "DVM U20 2003"]
[Site "Ditzingen GER"]
[Date "2003.12.28"]
[Round "3"]
[White "Serbu, Eli"]
[Black "Wehner, Roland"]
[Result "1/2-1/2"]
[Termination "normal"]
[Board "3.1"]
[WhiteElo "2144"]
[BlackElo "2182"]
[WhiteTeam "SV SF Aachen-Hörn"]
[BlackTeam "SK Ettlingen"]
[PlyCount "50"]
[WhiteFideId "4690990"]
[BlackFideId "4683161"]
[EventCountry "GER"]
[EventRounds "7"]
[EventType "team-swiss"]
[EventDate "2003.12.26"]

1. e4 e6 2. d4 d5 3. Nd2 Nf6 4. e5 Nfd7 5. f4 c5 6. c3 Nc6 7. Ndf3 cxd4 8. cxd4
Qb6 9. g3 Bb4+ 10. Kf2 g5 11. fxg5 Ndxe5 12. Nxe5 Nxe5 13. Kg2 Nc6 14. Nf3 Bd6
15. b3 Bd7 16. Be3 O-O-O 17. Bd3 Kb8 18. Rc1 Ba3 19. Rc3 Bb2 20. Rc2 Ba3 21.
Bf4+ Ka8 22. Be2 Rc8 23. Ne5 Nxe5 24. Bxe5 Rhg8 25. Rf1 Bd6 1/2-1/2

[Event "DVM U20 2003"]
[Site "Ditzingen GER"]
[Date "2003.12.28"]
[Round "3"]
[White "Friedel, Marcus"]
[Black "Fadavian, Marius"]
[Result "1/2-1/2"]
[Termination "normal"]
[Board "3.2"]
[WhiteElo "2089"]
[BlackElo "2042"]
[WhiteTeam "SK Ettlingen"]
[BlackTeam "SV SF Aachen-Hörn"]
[PlyCount "74"]
[WhiteFideId "4688708"]
[BlackFideId "4686519"]
[EventCountry "GER"]
[EventRounds "7"]
[EventType "team-swiss"]
[EventDate "2003.12.26"]

1. e4 Nf6 2. Nc3 d5 3. exd5 Nxd5 4. Bc4 c6 5. Qf3 e6 6. Nge2 Nd7 7. d4 Be7 8.
O-O O-O 9. Bd2 Nxc3 10. Bxc3 Bf6 11. Rad1 Qc7 12. Qg3 Qxg3 13. Nxg3 Nb6 14. Be2
Nd5 15. Ne4 Be7 16. Bd2 h6 17. a3 Nf6 18. Nxf6+ Bxf6 19. Be3 b6 20. Bf3 Bb7 21.
Rd2 Rfd8 22. Rfd1 Rac8 23. Be4 Rc7 24. f4 Kf8 25. Kf2 c5 26. Bxb7 cxd4 27. Bxd4
Bxd4+ 28. Rxd4 Rxd4 29. Rxd4 Rxb7 30. Ke3 Ke7 31. c4 Rc7 32. b4 f5 33. Kd3 g5
34. g3 Kf6 35. Rd6 Ke7 36. Rd4 Rc6 37. Kc3 gxf4 1/2-1/2

[Event "DVM U20 2003"]
[Site "Ditzingen GER"]
[Date "2003.12.28"]
[Round "3"]
[White "Probst, Patrick"]
[Black "Ehrenfried, Stefan"]
[Result "0-1"]
[Termination "normal"]
[Board "3.3"]
[WhiteElo "1826"]
[BlackElo "2136"]
[WhiteTeam "SV SF Aachen-Hörn"]
[BlackTeam "SK Ettlingen"]
[PlyCount "34"]
[BlackFideId "4687515"]
[EventCountry "GER"]
[EventRounds "7"]
[EventType "team-swiss"]
[EventDate "2003.12.26"]

1. d4 Nf6 2. c4 e6 3. Nc3 Bb4 4. e3 b6 5. Bd3 Bb7 6. f3 O-O 7. Nge2 d5 8. O-O
Nbd7 9. a3 Be7 10. e4 dxc4 11. Bxc4 c5 12. d5 Ne5 13. Ba2 exd5 14. exd5 c4 15.
f4 Bc5+ 16. Nd4 Nd3 17. Be3 Nxd5 0-1

[Event "DVM U20 2003"]
[Site "Ditzingen GER"]
[Date "2003.12.28"]
[Round "3"]
[White "Schlippe, Axel"]
[Black "Jürgens, Florian"]
[Result "1/2-1/2"]
[Termination "normal"]
[Board "3.4"]
[WhiteElo "1994"]
[BlackElo "1743"]
[WhiteTeam "SK Ettlingen"]
[BlackTeam "SV SF Aachen-Hörn"]
[PlyCount "54"]
[WhiteFideId "4683030"]
[EventCountry "GER"]
[EventRounds "7"]
[EventType "team-swiss"]
[EventDate "2003.12.26"]

1. Nf3 d5 2. d4 Nf6 3. c4 c6 4. Nc3 e6 5. e3 Bd6 6. Bd3 Nbd7 7. O-O O-O 8. Qe2
Qe7 9. e4 dxe4 10. Nxe4 Nxe4 11. Qxe4 Nf6 12. Qh4 Qd8 13. Bg5 Re8 14. Bxf6 Qxf6
15. Bxh7+ Kf8 16. Qxf6 gxf6 17. Bc2 Kg7 18. Rad1 Rh8 19. Rfe1 Bd7 20. h3 Rag8
21. Kf1 Kf8 22. d5 exd5 23. cxd5 c5 24. Bd3 Rxg2 25. Kxg2 Bxh3+ 26. Kh1 Bg4+
27. Kg2 Bh3+ 1/2-1/2

[Event "DVM U20 2003"]
[Site "Ditzingen GER"]
[Date "2003.12.28"]
[Round "3"]
[White "Delpy, Rene"]
[Black "Fucik, Timo"]
[Result "1/2-1/2"]
[Termination "normal"]
[Board "3.5"]
[WhiteElo "1508"]
[BlackElo "1831"]
[WhiteTeam "SV SF Aachen-Hörn"]
[BlackTeam "SK Ettlingen"]
[PlyCount "52"]
[EventCountry "GER"]
[EventRounds "7"]
[EventType "team-swiss"]
[EventDate "2003.12.26"]

1. e4 c5 2. c3 Nf6 3. e5 Nd5 4. d4 cxd4 5. cxd4 d6 6. Bc4 Nb6 7. Bb5+ Bd7 8. e6
Bxb5 9. exf7+ Kd7 10. Nc3 Bc4 11. d5 Nxd5 12. Nxd5 Qa5+ 13. Nc3 Nc6 14. Nf3 Ne5
15. Nxe5+ Qxe5+ 16. Be3 g6 17. Qa4+ b5 18. Qa6 Rc8 19. Qxa7+ Rc7 20. Qd4 Qxd4
21. Bxd4 e5 22. Be3 b4 23. Na4 Bxf7 24. Nb6+ Ke6 25. Kd2 Bg7 26. Rhc1 Rxc1
1/2-1/2

[Event "DVM U20 2003"]
[Site "Ditzingen GER"]
[Date "2003.12.28"]
[Round "3"]
[White "Mader, Michael"]
[Black "Elgourt, Maja"]
[Result "1/2-1/2"]
[Termination "normal"]
[Board "3.6"]
[WhiteElo "2079"]
[BlackElo "1486"]
[WhiteTeam "SK Ettlingen"]
[BlackTeam "SV SF Aachen-Hörn"]
[PlyCount "47"]
[WhiteFideId "4696913"]
[EventCountry "GER"]
[EventRounds "7"]
[EventType "team-swiss"]
[EventDate "2003.12.26"]

1. e4 d6 2. d4 Nf6 3. Nc3 g6 4. Be3 c6 5. f3 b5 6. Bd3 a5 7. Qd2 Na6 8. e5 Nd7
9. f4 Nb4 10. Be4 d5 11. Bf3 Nb6 12. b3 Bf5 13. Rc1 h5 14. Nge2 Qd7 15. Ng3 Bg4
16. Bxg4 Qxg4 17. Qe2 Qxe2+ 18. Ngxe2 Na6 19. a4 b4 20. Nb1 e6 21. Nd2 Nd7 22.
Nf3 c5 23. Kf2 Rc8 24. c3 1/2-1/2

[Event "DVM U20 2003"]
[Site "Ditzingen GER"]
[Date "2003.12.28"]
[Round "3"]
[White "Litwak, Aleksej"]
[Black "Hellwig, Tobias"]
[Result "1/2-1/2"]
[Termination "normal"]
[Board "4.1"]
[WhiteElo "2167"]
[BlackElo "2054"]
[WhiteTeam "SF Berghofen-Wambel"]
[BlackTeam "SF Hettstedt"]
[PlyCount "58"]
[WhiteFideId "4677617"]
[BlackFideId "4695429"]
[EventCountry "GER"]
[EventRounds "7"]
[EventType "team-swiss"]
[EventDate "2003.12.26"]

1. e4 Nf6 2. e5 Nd5 3. d4 d6 4. c4 Nb6 5. f4 dxe5 6. fxe5 Nc6 7. Be3 Bf5 8. Nc3
e6 9. Nf3 Qd7 10. Bd3 Bg4 11. h3 Bxf3 12. Qxf3 O-O-O 13. O-O-O Bb4 14. Ne2 Bf8
15. Kb1 Kb8 16. c5 Nd5 17. Be4 f5 18. Bc2 Nce7 19. Bg5 c6 20. g4 g6 21. gxf5
gxf5 22. Nf4 Nxf4 23. Bxe7 Bxe7 24. Qxf4 Rhg8 25. Bb3 Bg5 26. Qf3 Qe7 27. Bc4
Rg6 28. Rd3 Bh4 29. Rf1 Rdg8 {Rest nicht lesbar?} 1/2-1/2

[Event "DVM U20 2003"]
[Site "Ditzingen GER"]
[Date "2003.12.28"]
[Round "3"]
[White "Wilke, Matthias"]
[Black "Mass, Elvira"]
[Result "1-0"]
[Termination "normal"]
[Board "4.2"]
[WhiteElo "2033"]
[BlackElo "1985"]
[WhiteTeam "SF Hettstedt"]
[BlackTeam "SF Berghofen-Wambel"]
[PlyCount "123"]
[BlackFideId "4695623"]
[EventCountry "GER"]
[EventRounds "7"]
[EventType "team-swiss"]
[EventDate "2003.12.26"]

1. e4 e6 2. d4 d5 3. Nc3 Bb4 4. Nge2 dxe4 5. a3 Bxc3+ 6. Nxc3 Nc6 7. Bb5 Nge7
8. Be3 a6 9. Bxc6+ Nxc6 10. Nxe4 f5 11. Nc5 b6 12. Qf3 Qd5 13. Qxd5 exd5 14.
Nd3 O-O 15. O-O-O Bb7 16. Rhe1 Rae8 17. c3 Re7 18. Bf4 Rfe8 19. Bxc7 b5 20. Be5
Kf7 21. Re2 Rc8 22. Rde1 a5 23. b4 axb4 24. axb4 g6 25. Ra2 Ra8 26. Ree2 Ree8
27. Rxa8 Rxa8 28. Nc5 Bc8 29. Kb2 Ra7 30. Bd6 Bd7 31. h4 h5 32. Nd3 Ra8 33. Nf4
Re8 34. Rxe8 Bxe8 35. Bc5 Nd8 36. Nxd5 Ne6 37. g3 Bc6 38. Nb6 Nc7 39. c4 bxc4
40. Nxc4 Ke6 41. Ne5 Be8 42. Kc3 Kd5 43. Kd3 Nb5 44. Ke3 Nc7 45. f3 Nb5 46. Bb6
Nc3 47. Kd2 Nb5 48. Kd3 Nd6 49. Bc5 Nb5 50. Nc4 Nc7 51. Ne3+ Ke6 52. Ng2 Bb5+
53. Kd2 Nd5 54. Ne1 Bc6 55. Nd3 Bb5 56. Nc1 Bc6 57. Nb3 Ba4 58. Na5 Bb5 59. Nb7
Nc7 60. Nd6 Bc6 61. Ke3 Nd5+ 62. Ke2 {Rest nicht nachvollziehbar} 1-0

[Event "DVM U20 2003"]
[Site "Ditzingen GER"]
[Date "2003.12.28"]
[Round "3"]
[White "Strathoff, Martin"]
[Black "Schalk, Martin"]
[Result "1/2-1/2"]
[Termination "normal"]
[Board "4.3"]
[WhiteElo "1866"]
[BlackElo "1982"]
[WhiteTeam "SF Berghofen-Wambel"]
[BlackTeam "SF Hettstedt"]
[PlyCount "100"]
[WhiteFideId "24609560"]
[EventCountry "GER"]
[EventRounds "7"]
[EventType "team-swiss"]
[EventDate "2003.12.26"]

1. d4 Nf6 2. c4 e6 3. Nc3 Bb4 4. e3 b6 5. Bd3 Bb7 6. Nf3 O-O 7. O-O c5 8. a3
Bxc3 9. bxc3 Qc7 10. Re1 d5 11. cxd5 exd5 12. Qc2 Nbd7 13. Qb1 Rfe8 14. a4 Ne4
15. Bb2 Re6 16. c4 Rae8 17. Qa2 Ndf6 18. Rac1 Qd6 19. h3 Rd8 20. a5 dxc4 21.
Bxc4 Bd5 22. Bxd5 Qxd5 23. Qxd5 Nxd5 24. axb6 axb6 25. Red1 f6 26. Nd2 Nxd2 27.
Rxd2 Ne7 28. Rdc2 cxd4 29. Bxd4 Nf5 30. Bb2 Rd7 31. Ba3 Re5 32. Rc8+ Kf7 33.
Rf8+ Kg6 34. Rc4 h6 35. Kh2 Ra5 36. Rc3 Raa7 37. g4 Ne7 38. f4 Rac7 39. f5+ Kh7
40. Rxc7 Rxc7 41. Rf7 Nd5 42. Rxc7 Nxc7 43. Kg3 b5 44. Kf4 b4 45. Bb2 Nb5 46.
Ke4 h5 47. Kd3 hxg4 48. hxg4 Nd6 49. e4 Nf7 50. Kc4 Nh6 1/2-1/2

[Event "DVM U20 2003"]
[Site "Ditzingen GER"]
[Date "2003.12.28"]
[Round "3"]
[White "Krege, Sandra"]
[Black "Grofig, Patrick"]
[Result "1-0"]
[Termination "normal"]
[Board "4.4"]
[WhiteElo "1916"]
[BlackElo "2116"]
[WhiteTeam "SF Hettstedt"]
[BlackTeam "SF Berghofen-Wambel"]
[PlyCount "61"]
[WhiteFideId "4680910"]
[BlackFideId "24605654"]
[EventCountry "GER"]
[EventRounds "7"]
[EventType "team-swiss"]
[EventDate "2003.12.26"]

1. e4 c6 2. Qf3 d5 3. Nc3 d4 4. Bc4 Nf6 5. Nce2 e5 6. d3 Bg4 7. Qg3 Nbd7 8. f4
Bd6 9. h3 Bh5 10. Nf3 Qe7 11. Qf2 Bxf3 12. gxf3 Nh5 13. Bd2 c5 14. fxe5 Nxe5
15. Bb5+ Nd7 16. f4 f6 17. O-O-O O-O-O 18. Kb1 Kb8 19. Rc1 g6 20. Rhe1 Ng7 21.
c3 dxc3 22. Nxc3 Nb6 23. e5 fxe5 24. fxe5 Bc7 25. Ne4 Ne6 26. Nxc5 Nd4 27. Bb4
Qg5 28. Ba6 Bxe5 29. Qf7 Qg2 30. Bxb7 Qg3 31. Na6# 1-0

[Event "DVM U20 2003"]
[Site "Ditzingen GER"]
[Date "2003.12.28"]
[Round "3"]
[White "Babczyk, Adrian"]
[Black "Nichelmann, Nils"]
[Result "1-0"]
[Termination "normal"]
[Board "4.5"]
[WhiteElo "1777"]
[BlackElo "2028"]
[WhiteTeam "SF Berghofen-Wambel"]
[BlackTeam "SF Hettstedt"]
[PlyCount "113"]
[WhiteFideId "24608700"]
[BlackFideId "4687256"]
[EventCountry "GER"]
[EventRounds "7"]
[EventType "team-swiss"]
[EventDate "2003.12.26"]

1. Nf3 Nf6 2. d4 e6 3. c4 d5 4. Nc3 c6 5. e3 Nbd7 6. b3 Bb4 7. Bd2 O-O 8. Bd3
Qe7 9. O-O dxc4 10. bxc4 e5 11. Bc2 Bd6 12. e4 exd4 13. Nxd4 Bxh2+ 14. Kxh2
Qe5+ 15. Bf4 Qxf4+ 16. g3 Qg4 17. Qxg4 Nxg4+ 18. Kg2 Nde5 19. Bb3 Nd3 20. Rad1
Ndxf2 21. Rxf2 Nxf2 22. Kxf2 Bg4 23. Nf3 Rad8 24. Rxd8 Rxd8 25. Ne5 Be6 26. Ke3
f6 27. Nd3 h5 28. Nc5 Bc8 29. Ne2 g5 30. Nd3 Kh7 31. Nf2 Re8 32. Kf3 Kh6 33.
Nd4 h4 34. gxh4 gxh4 35. Nf5+ Bxf5 36. exf5 Kg5 37. Ne4+ Rxe4 38. Kxe4 Kg4 39.
Bd1+ Kg3 40. Bf3 h3 41. Ke3 h2 42. a4 a5 43. Bh1 Kg4 44. Ke4 Kg3 45. Bf3 Kh3
46. Kd4 Kg3 47. Bh1 Kf4 48. Be4 c5+ 49. Kd5 b6 50. Bh1 Kxf5 51. Kc6 Kg5 52.
Kxb6 f5 53. Kxc5 f4 54. Kd4 f3 55. Ke3 f2 56. Kxf2 Kf4 57. c5 1-0

[Event "DVM U20 2003"]
[Site "Ditzingen GER"]
[Date "2003.12.28"]
[Round "3"]
[White "Kunth, Andreas"]
[Black "Menkowski, Patrick"]
[Result "0-1"]
[Termination "normal"]
[Board "4.6"]
[WhiteElo "1903"]
[BlackElo "1752"]
[WhiteTeam "SF Hettstedt"]
[BlackTeam "SF Berghofen-Wambel"]
[PlyCount "110"]
[EventCountry "GER"]
[EventRounds "7"]
[EventType "team-swiss"]
[EventDate "2003.12.26"]

1. e4 d5 2. exd5 Qxd5 3. Nc3 Qa5 4. Bc4 c6 5. Qe2 Nf6 6. Nf3 Bf5 7. Ne5 Bg6 8.
b4 Qc7 9. d3 e6 10. Bf4 Bd6 11. Nxg6 hxg6 12. Bxd6 Qxd6 13. a3 Qd4 14. Kd2 Nbd7
15. Rae1 Nb6 16. Bb3 O-O-O 17. h3 Nc4+ 18. Bxc4 Qxc4 19. Qe3 b6 20. Rb1 Rd7 21.
Rb3 Rhd8 22. Rhb1 Nd5 23. Ke1 Qf4 24. Qxf4 Nxf4 25. Kf1 Kc7 26. Ne2 Nd5 27. g3
Ne7 28. Kg2 Nf5 29. Rc3 g5 30. Rh1 f6 31. Ng1 Rh8 32. Nf3 Nd4 33. Nxd4 Rxd4 34.
Rc4 Rxc4 35. dxc4 Rd8 36. Re1 e5 37. Re3 Rd4 38. Rc3 Kd6 39. Kf3 c5 40. b5 f5
41. Ke2 f4 42. gxf4 gxf4 43. Kf3 Ke6 44. Kg4 Rd2 45. f3 Kf6 46. Rd3 Rg2+ 47.
Kh5 g6+ 48. Kh6 Rh2 49. Rd6+ Kf5 50. Rxg6 Rxh3+ 51. Kg7 Rg3 52. Rg4 Rxg4+ 53.
fxg4+ Kxg4 54. Kf6 e4 55. Ke5 e3 0-1

[Event "DVM U20 2003"]
[Site "Ditzingen GER"]
[Date "2003.12.28"]
[Round "3"]
[White "Häcker, Alexander"]
[Black "Kühner, Christian"]
[Result "1/2-1/2"]
[Termination "normal"]
[Board "5.1"]
[WhiteElo "2245"]
[BlackElo "2174"]
[WhiteTeam "SV Wolfbusch"]
[BlackTeam "ASC Theresianum Mainz"]
[PlyCount "95"]
[WhiteFideId "4678214"]
[BlackFideId "4679440"]
[EventCountry "GER"]
[EventRounds "7"]
[EventType "team-swiss"]
[EventDate "2003.12.26"]

1. e4 c5 2. Nf3 e6 3. d4 cxd4 4. Nxd4 a6 5. Bd3 Nf6 6. c4 Nc6 7. Be3 Ne5 8. h3
Bb4+ 9. Ke2 O-O 10. a3 Be7 11. Nc3 d5 12. cxd5 exd5 13. Re1 dxe4 14. Nxe4 Nd5
15. Bc1 Qc7 16. Kf1 Nxd3 17. Qxd3 Nf6 18. Be3 Rd8 19. Rac1 Qe5 20. Nd2 Bd7 21.
N2f3 Qd5 22. Qb3 Bb5+ 23. Kg1 Qxb3 24. Nxb3 Nd5 25. Bd4 Bf8 26. g3 Rac8 27. Bc5
b6 28. Bxf8 Kxf8 29. Nbd4 Bd3 30. Ne5 Rxc1 31. Rxc1 Bg6 32. Rc6 Ke7 33. Ndf3
Rd6 34. Rc8 f6 35. Nxg6+ hxg6 36. Nd2 Rd8 37. Rc6 Rd6 38. Rc8 Rd8 39. Rc2 Kd7
40. Kf1 Rc8 41. Rxc8 Kxc8 42. Ke2 Kd7 43. Kd3 Kc6 44. Kd4 Nc7 45. Nf3 Ne6+ 46.
Kc4 b5+ 47. Kd3 Kd5 48. b4 1/2-1/2